000 01339cam a22003375a 4500
001 L122444
008 030528s2003 xxk 000 0 eng u
020 _a0727732080
035 _a(Sirsi) u122444
041 _aeng
050 _a711.58
_c18
110 _aCommission for Architecture and the Built Environment
_94058
245 4 _aThe value of housing design and layout
260 _aLondon
_bThomas Telford
_c2003
300 _a88p.
_c30cm.
350 _a25
520 _aThis report examines the extent to which design changes the value of residential development. It provides a methodology that developers, funders, planners and housebuilders can use for comparing different housing sites and schemes.
650 _aHOUSING DESIGN
650 _aRESIDENTIAL DEVELOPMENT
650 _aDESIGN QUALITY
650 _aHOUSING LAYOUT
650 _aHOUSE BUILDING
650 _aDESIGN VALUE
690 _aHOUSING-DEVELOPMENT
710 _aUnited Kingdom
_bOffice of the Deputy Prime Minister
710 _aDesign for Homes
_94523
710 _aFPDSavills Research
_94524
710 _aDavis Langdon and Everest
_91155
856 4 0 _uhttps://webarchive.nationalarchives.gov.uk/20110118095356/http://www.cabe.org.uk/publications/the-value-of-housing-design-and-layout
_vView the report at www.cabe.org.uk...
942 _n0
999 _c102847
_d102847